书目信息 |
| 题名: |
降低血脂100法
|
|
| 作者: | 李成卫 主编 | |
| 分册: | ||
| 出版信息: | 北京 中国纺织出版社 2009 |
|
| 页数: | 96页 | |
| 开本: | 24cm | |
| 丛书名: | ||
| 单 册: | ||
| 中图分类: | R589.2 | |
| 科图分类: | ||
| 主题词: | 高血脂病--防治 , 高血脂病 | |
| 电子资源: | ||
| ISBN: | 978-7-5064-5682-1 | |
| 000 | 00831nam0 2200253 45 | |
| 001 | 1032989500 | |
| 005 | 20100407170435.98 | |
| 010 | @a978-7-5064-5682-1@dCNY16.00 | |
| 100 | @a20100331d2009 em y0chiy0110 ea | |
| 101 | 0 | @achi |
| 102 | @aCN@b110000 | |
| 105 | @aa z 000yy | |
| 106 | @ar | |
| 200 | 1 | @a降低血脂100法@AJiang Di Xue Zhi 100 Fa@f李成卫主编@FLi Cheng Wei Zhu Bian |
| 210 | @a北京@c中国纺织出版社@d2009 | |
| 215 | @a96页@c图@d24cm | |
| 300 | @a尚锦文化家庭保健百科 | |
| 330 | @a本书共分八章,介绍了降低血脂的方法,包括良好的生活习惯、合理的体育锻炼、简单自疗法、健康的饮食习惯、有降脂作用的食物、降脂中药及药膳等。 | |
| 606 | 0 | @a高血脂病@x防治 |
| 606 | 0 | @a高血脂病 |
| 690 | @aR589.2@v4 | |
| 701 | 0 | @a李成卫@ALi Cheng Wei@4主编 |
| 801 | 0 | @aCN@bTANGWEI@c20100407 |
| 905 | @b0587151-55@dR589.2@e117@f5 | |
| 降低血脂100法/李成卫主编.-北京:中国纺织出版社,2009 |
| 96页:图;24cm |
| 尚锦文化家庭保健百科 |
| ISBN 978-7-5064-5682-1:CNY16.00 |
| 本书共分八章,介绍了降低血脂的方法,包括良好的生活习惯、合理的体育锻炼、简单自疗法、健康的饮食习惯、有降脂作用的食物、降脂中药及药膳等。 |
| ● |
| 相关链接 |
|
|
|
|
正题名:降低血脂100法
索取号:R589.2/117
 
预约/预借
| 序号 | 登录号 | 条形码 | 馆藏地/架位号 | 状态 | 备注 |
| 1 | 0587151 | 205871519 | 第二样本阅览室/ [索取号:R589.2/117] | 在馆 | |
| 2 | 0587152 | 205871528 | 教育系资料室/ [索取号:R589.2/117] | 在馆 | |
| 3 | 0587153 | 205871537 | 教育系资料室/ [索取号:R589.2/117] | 在馆 | |
| 4 | 0587154 | 205871546 | 教育系资料室/ [索取号:R589.2/117] | 在馆 | |
| 5 | 0587155 | 205871555 | 教育系资料室/ [索取号:R589.2/117] | 在馆 |